000
00237nam a2200097Ia 4500
008
220120s9999||||xx |||||||||||||| ||und||
100
_a
Bagad, M. R
_9
11566
245
0
_a
Microwave and radar engineering
300
_b
0
650
_a
CHEMISTRY
999
_c
136845
_d
136845